000 01025cad a22002055a 4500
001 L150853
008 100908u2010 xxk f 000 0 eng d
035 _a(Sirsi) u150853
041 0 _aeng
050 0 4 _a690.22 $2 18
110 2 _aGreat Britain
_bHealth and Safety Executive
245 0 0 _aConstruction Industry Advisory Committee (CONIAC)
_h[electronic resource]
260 _aLondon
_bHSE
_c[2010?]
520 _aThe Construction Industry Advisory Committee (CONIAC) advises the Health and Safety Executive (HSE) on the protection of people at work (and others) from hazards to health and safety within the building, civil engineering and engineering construction industry; includes details of its sub groups, members, Agendas for their open meetings, and papers from past meetings.
590 _aKA NTK
651 4 _aUnited Kingdom
_y
690 _aHealth and safety
_96244
856 4 0 _uhttps://www.hse.gov.uk/aboutus/meetings/iacs/coniac/index.htm
_zView the website free of charge at www.hse.gov.uk
942 _n0
999 _c120877
_d120877